New Way of Teaching Programming at University
Gespeichert in:
| 1. Verfasser: | |
|---|---|
| Weitere Verfasser: | , |
| Format: | Buchkapitel |
| Sprache: | Englisch |
| Tags: |
Keine Tags, Fügen Sie das erste Tag hinzu!
|
MARC
| LEADER | 00000naa$a2200000$$$4500 | ||
|---|---|---|---|
| 001 | 0190439 | ||
| 005 | 20240502073213.7 | ||
| 041 | 0 | |a eng | |
| 044 | |a SK | ||
| 245 | 1 | 0 | |a New Way of Teaching Programming at University |c Roman Horváth, Martin Mišút, Katarína Pribilová |
| 500 | |a Abstrakt | ||
| 100 | 1 | |a Horváth, Roman | |
| 700 | 1 | |a Mišút, Martin, 1962- | |
| 700 | 1 | |a Pribilová, Katarína | |